000 00807nas a2200265 4500
001 BR0104918
003 BR-BrBNA
005 20231205102508.0
007 ta
008 230509b bl.|||p| |||| 00| 00por d
040 _aBR-BrBNA
_bpor
_cBiblioteca Nacional de Agricultura
041 _a(Pt)
072 _aL70
100 1 _aLucas, S.S.
100 1 _aAlievi, M.M.
100 1 _aSchossler, J.E.W.
245 1 _aEfeitos da insercao de pinos de steinmann atraves da placa de crescimento metafisario em caes
650 _aCao
650 _aOsteossintese
650 _aOsso
650 _aVeterinaria
773 0 _tRevista Brasileira de Medicina Veterinaria (Brazil)
_xISSN 0100-2430
_g(Mar-Apr 2001), v. 23(2) p. 68-71
_wBR0104918
909 _a202311
_bLúcia
_c55
_dLúcia Elande
942 _2AGRIS
_n0
_cANA
999 _c167851
_d167851